| 000 | 00761nam a22002177a 4500 | ||
|---|---|---|---|
| 005 | 20260209103530.0 | ||
| 010 | _aDEC24SC ENG-142951 ENG-146361 | ||
| 020 |
_a9789355017031 _c225.00 |
||
| 035 | _aEN-126483 | ||
| 035 | _aEN-129893 | ||
| 037 | _bDBAD | ||
| 082 |
_a709.54 _21 |
||
| 100 |
_a Singh Pavneet _987203 |
||
| 245 |
_aFactbook of Indian Culture/ _cBy Pavneet Singh |
||
| 250 | _a1 | ||
| 260 |
_aNew Delhi _bS Chand and Company Limited _c2023 |
||
| 270 |
_a A-27, 2nd Floor, Mohan Co-operative Industrial Estate _bNew Delhi _e110044 _minfo@schandpublishing.com _k011-49731800 |
||
| 300 |
_ax,182p. _c23cm(pb) |
||
| 500 | _a For UPSC Civil Services Preliminary and Other State PSC Examinations/ | ||
| 942 |
_2ddc _cEN _h709.54 _mPAV _e1 |
||
| 999 |
_c207575 _d207575 |
||